000 00411nam a2200133Ia 4500
008 231129s9999||||xx |||||||||||||| ||spa||
020 _a978-958-44-3642-9
040 _bspa
082 _a510 T147t
245 0 _aTalleres de matemáticas I
260 _c200
264 _aPereira Colombia : Universidad Tecnológica de Pereira. Departamento de Matemáticas
942 _2ddc
_cBKS
999 _c24985
_d24985